000 00982nab a2200241 uc4500
001 737330
005 20260427112023.0
008 020516s1999 spa
035 _a737330
035 _a(OCoLC)819944698
040 _ccomduadb
041 _aspa
245 1 0 _aPrimer salon de artistas de Ingenieria
610 0 _aUniversidad de Antioquia. Bienestar Universitario
_9831715
610 2 4 _aUniversidad de Antioquia.
_bVicerrectoría de Extensión
_9825087
650 _aUniversidad de Antioquia - Funcionarios y empleados
_988985
650 _aEstudiantes de ingeniería
_938572
650 _aSalon de artistas de ingenieria Universidad de Antioquia
_998877
650 _aRíos Vanegas, Alonso. Sembrador de Estrellas
_995983
650 _aUniversidad de Antioquia - Esculturas
_9174079
773 0 _tAlma Mater. Universidad de Antioquia (Medellín)
_gNúmero 468, Julio 1999, 25
_w(CO-MdUADB)700931
_x1657-4303
_0212942
_9893753
_o61000004291412
942 _cARIMP
999 _c244796
_d244796